Účtovná závierka podnikateľov 1995

Vykazovanie účtovnej závierky podnikateľskej účtovnej jednotky za rok 1995. Záväzné normy pri zostavovaní účtovnej závierky. Vykazovanie účtov s premenlivým zostatkom v súvahe. Účtovanie sociálneho fondu. Odpisy nehmotného a hmotného investičného majetku.

Na minha lista:
Detalhes bibliográficos
Autor principal: Šlosárová, Anna
Formato: Capítulo de Livro
Idioma:eslovaco
Assuntos:
Tags: Adicionar Tag
Sem tags, seja o primeiro a adicionar uma tag!

MARC

LEADER 00000naa a2200000 4500
001 r019807
005 20230811094742.5
041 0 |a slo 
044 |a SK 
245 1 0 |a Účtovná závierka podnikateľov 1995  |c Anna Šlosárová 
520 |a Vykazovanie účtovnej závierky podnikateľskej účtovnej jednotky za rok 1995. Záväzné normy pri zostavovaní účtovnej závierky. Vykazovanie účtov s premenlivým zostatkom v súvahe. Účtovanie sociálneho fondu. Odpisy nehmotného a hmotného investičného majetku. 
610 2 0 |a závierka účtovná 
610 2 0 |a podnikatelia 
610 2 0 |a 1995 
610 2 0 |a normy právne 
610 2 0 |a účtovníctvo 
610 2 0 |a účtovanie 
610 2 0 |a majetok hmotný 
610 2 0 |a majetok nehmotný 
610 2 0 |a odpisy 
610 2 0 |a fond sociálny 
100 1 |a Šlosárová, Anna